00220nam a22001097a 4500003000400000020001700004082000800021100002400029245002600053260002300079300000800102SGT a780470665961 bLIN aLINACRE, ADRIAN M.  aWILDLIFE DNA ANALYSIS bWILLEY INDIAc2013 a334